|
|
|
|
| LEADER |
02290nam a2200577 i 4500 |
| 001 |
nkc20162798620 |
| 003 |
CZ PrNK |
| 005 |
20260209143637.0 |
| 007 |
ta |
| 008 |
160516s2016 xr a e c 000 0 cze |
| 020 |
|
|
|a 978-80-906382-1-1
|q (skládanka) :
|c Kč 25,00
|
| 040 |
|
|
|a BOA001
|b cze
|d OLA001
|e rda
|
| 041 |
1 |
|
|a cze
|a eng
|h cze
|
| 043 |
|
|
|a e-xr---
|
| 045 |
|
|
|a x8y1
|
| 072 |
|
7 |
|a 75
|x Malířství
|2 Konspekt
|9 21
|
| 080 |
|
|
|a 75(437.3)
|2 MRF
|
| 080 |
|
|
|a 76(437.3)
|2 MRF
|
| 080 |
|
|
|a 741/744(437.3)
|2 MRF
|
| 080 |
|
|
|a 7.036/.038
|2 MRF
|
| 080 |
|
|
|a (437.3)
|2 MRF
|
| 080 |
|
|
|a (083.824)
|2 MRF
|
| 100 |
1 |
|
|a Šimotová, Adriena,
|d 1926-2014
|7 jn19990209857
|4 art
|
| 245 |
1 |
0 |
|a Adriena Šimotová :
|b grafitový anděl : Galerie Václava Chada ve Zlíně /
|c text: Pavel Brunclík ; překlad do angličtiny: Pavel Krutil
|
| 246 |
3 |
0 |
|a Grafitový anděl
|
| 250 |
|
|
|a První vydání
|
| 264 |
|
1 |
|a Zlín :
|b Zlínský zámek o.p.s.,
|c 2016
|
| 300 |
|
|
|a 8 nečíslovaných stran :
|b ilustrace ;
|c 21 cm
|
| 336 |
|
|
|a text
|b txt
|2 rdacontent
|
| 336 |
|
|
|a statický obraz
|b sti
|2 rdacontent
|
| 337 |
|
|
|a bez média
|b n
|2 rdamedia
|
| 338 |
|
|
|a svazek
|b nc
|2 rdacarrier
|
| 500 |
|
|
|a "Katalog vydal Zlínský zámek o.p.s. - Galerie Václava Chada ve Zlíně v roce 2016 k výstavě Adriena Šimotová: Grafitový anděl 27.5.-22. 7. 2016"--Tiráž
|
| 500 |
|
|
|a 500 výtisků
|
| 546 |
|
|
|a Souběžný anglický text
|
| 600 |
1 |
7 |
|a Šimotová, Adriena,
|d 1926-2014
|7 jn19990209857
|2 czenas
|
| 648 |
|
4 |
|a 1986-2010
|
| 648 |
|
7 |
|a 20.-21. století
|7 ch462155
|2 czenas
|
| 650 |
0 |
7 |
|a české malířství
|7 ph116864
|y 20.-21. století
|2 czenas
|
| 650 |
0 |
7 |
|a česká grafika
|7 ph128116
|y 20.-21. století
|2 czenas
|
| 650 |
0 |
7 |
|a česká kresba
|7 ph116857
|y 20.-21. století
|2 czenas
|
| 650 |
0 |
7 |
|a moderní umění
|7 ph115340
|z Česko
|2 czenas
|
| 655 |
|
7 |
|a katalogy výstav
|7 fd132536
|2 czenas
|
| 700 |
1 |
|
|a Brunclík, Pavel,
|d 1956-
|7 ola20261286738
|4 wfw
|
| 700 |
1 |
|
|a Krutil, Pavel,
|d 1964-
|7 ola2003174875
|4 trl
|
| 710 |
2 |
|
|a Galerie Václava Chada (Zlín, Česko)
|7 mzk2015890378
|4 orm
|
| 910 |
2 |
|
|a BOA001
|b 2-1370.477
|
| 990 |
|
|
|a BK
|
| 995 |
|
|
|a 61
|
| 991 |
|
|
|b 201608
|c NOV
|
| 996 |
6 |
|
|b 2610674727
|c 2-1370.477
|l MZK
|r Sklad / do 1 hodiny
|n 2
|p p.v.
|w 001567222
|u 000010
|a 1
|e BOA001
|j MZK50
|s P
|